00475nam a2200133Ia 4500008004100000020001500041050002700056100001900083245008500102260008800187300002100275521000700296650003800303140609s9999 xx 000 0 und d a9715380166 aPQ 8897.R5b.R627 2010 aRizal, Jose P. aEl Filibusterismo :bfacsimile of the original manuscript /cby Jose P. Rizal. a[Manila, Philippines] :bNational Historical Commission of the Philippines,cc2010. a278 p. ;c38 cm. aGE aManuscripts, SpanishxFacsimiles.